| 000 | 00550nam a2200169 i 4500 | ||
|---|---|---|---|
| 001 | 74131 | ||
| 003 | ES-MaACL | ||
| 005 | 20230906172028.0 | ||
| 007 | t| | ||
| 008 | 040915s1962 sp ||||1| spa d | ||
| 100 | 1 |
_aGonzález, Sancho. _958381 |
|
| 245 | 1 | 0 |
_aVeinticinco años de historia / _cSancho González. |
| 260 |
_aMadrid : _b[s.n., _c1962] ( _fMaribel) |
||
| 300 |
_a2 v. ; _c25 cm. |
||
| 505 | 8 | _aContiene: T.I: España ante el mundo. -- T.II: Francisco Franco artífice de la victoria y de la paz | |
| 852 |
_aES-MaACL _jC-23602-3 _bR.52291 |
||
| 999 |
_c74131 _d74131 |
||